000 00777nam a2200229 a 4500
001 40598
003 BD-RjUL
005 20211209053240.0
008 160504s2001 ii ||||| |||| 00| 0 ben d
020 _c: IRs.70.00
035 _a(BD-RjUL)40713
040 _aBD-RjUL
_bben
_cBD-RjUL
041 _aben
082 _223
_a297.4
_bZOB 2001
100 _aজওহর, মোবারক করীম
_9124942
245 1 0 _aবিশ্ব সূফী সাহিত্য /
_cমোবারক করীম জওহর
260 _aকলিকাতা :
_bকরুণা প্রকাশনী,
_c২০০১
300 _a[৬], ১৯২ পৃ. ;
_c২২ সেমি.
650 _aসূফীবাদ
_9124943
650 _aSufism
_9124944
942 _2ddc
_cBK
999 _c40598
_d40598